000 00652nam a2200181Ia 4500
008 100921s9999 xx 000 0 und d
082 _b11676
_a891.461 थ 59
100 _aजोशी नारायण गणेश.संपा.
245 _aप्राचीन गीतभांडार.
260 _bमौज प्रकाशन,मुंबई.
_c1959
300 _a261
_b---
365 _b10
520 _aललित-काव्य.
630 _aप्राचीन गीतभांडार.
650 _aललित-काव्य.
730 _aप्राचीन गीतभांडार.
942 _cBOOK
999 _c760789
_d760786